| 000 | 00515nam a2200181Ia 4500 | ||
|---|---|---|---|
| 005 | 20250326124715.0 | ||
| 008 | 250326s9999 xx 000 0 und d | ||
| 037 | _aTextbook | ||
| 040 |
_aFMSL _beng _cFMSL |
||
| 041 |
_aeng _2eng |
||
| 084 |
_aX:89A K4;K5 _qFMSL |
||
| 100 | _aStarr M K | ||
| 245 | 0 |
_aProduction management: systems and synthesis _cStarr M K |
|
| 260 |
_aNew Jersey _bNew Jersey, Prentice-Hall _c1964 |
||
| 300 | _a533p | ||
| 942 |
_cTB _hX:89A K4;K5 |
||
| 999 |
_c1274847 _d1274847 |
||